00479 2200193 4500245004400000020002200044250001100066700001200077700002100089100001900110650001700129005001900146260004100165041001400206084001300220300003200233336000900265338001100274 aBeelzebub Vol. 19cTamura, RyuheihText a978-602-02-5880-5 aCet. 1 aBinarti aAnindhita Raghia aTamura, Ryuhei aKomik Jepang a20230206130103 aJakartabElex Media Komputindoc2015 aIndonesia a741.5592 a... jil. :bilus. ;c17 cm. atext avolume